Big Ten Football Champions by Year - Statistics

General Stats
  • This quiz has been taken 40 times
  • The average score is 19 of 44
Answer Stats
Season Champion % Correct
2021 Michigan Wolverines
97%
2020 Ohio State Buckeyes
90%
2019 Ohio State Buckeyes
90%
2018 Ohio State Buckeyes
87%
2017 Ohio State Buckeyes
83%
2014** Ohio State Buckeyes
83%
2016 Penn State Nittany Lions
80%
2015 Michigan State Spartans
77%
2013 Michigan State Spartans
77%
2007 Ohio State Buckeyes
67%
2006 Ohio State Buckeyes
67%
2005* Ohio State Buckeyes
67%
2012 Wisconsin Badgers
67%
2008* Ohio State Buckeyes
63%
2011 Wisconsin Badgers
63%
2009 Ohio State Buckeyes
60%
2010* Wisconsin Badgers
60%
2005* Penn State Nittany Lions
53%
2010* Michigan State Spartans
50%
2004* Michigan Wolverines
47%
2008* Penn State Nittany Lions
47%
2003 Michigan Wolverines
43%
2002* Ohio State Buckeyes
43%
2004* Iowa Hawkeyes
40%
2002* Iowa Hawkeyes
37%
2000* Michigan Wolverines
27%
1997** Michigan Wolverines
27%
1992 Michigan Wolverines
23%
1998* Ohio State Buckeyes
20%
1991 Michigan Wolverines
17%
1990* Michigan Wolverines
17%
1996* Ohio State Buckeyes
17%
2001 Illinois Fighting Illini
13%
1998* Michigan Wolverines
13%
2000* Northwestern Wildcats
13%
1993* Ohio State Buckeyes
13%
1999 Wisconsin Badgers
13%
1990* Michigan State Spartans
10%
1994 Penn State Nittany Lions
10%
2000* Purdue Boilermakers
10%
1996* Northwestern Wildcats
7%
1995 Northwestern Wildcats
7%
1998* Wisconsin Badgers
7%
1993* Wisconsin Badgers
7%
No matching quizzes found
Score Distribution
Percent of People with Each Score
Percentile by Number Answered
Your Score History
You have not taken this quiz